Science Quiz

Random Science or Biology Quiz

Grade 11 Biology The Cell Part 2 of 3 Quiz Stats

 Plays Quiz not verified by Sporcle

Score 0/31 Timer 10:00
0 Plays Today
Category Answer % Correct
Which organelle contains most of the cell’s DNA?nucleus
63.3%
What is the name of the tough rigid layer that surrounds plant cells?cell wall
61.5%
What gives the plant cell its shape?cell wall
60.9%
Which cellular organelles break down waste?lysosome
55.6%
Which part of the cell is an enclosed compartment which is filled with water?vacuole
55%
In which part of the cell does cellular respiration take place?mitochondria
53.3%
Which part of the cell is selectively permeable controlling the movement of substances in and out of the cell?cell membrane
52.7%
Which organelle produces proteins?ribosomes
50.9%
What is the name of the organelles that are found near the endoplasmic reticulum?ribosome
50.3%
What takes up most of the space in a cell and contains molecules or raw materials for cell processes?cytoplasm
47.9%
Which cell organelle is known as the “suicide bag”?lysosome
46.7%
What do both plant and animal cells have to separate the interior of the cells from the outside environmentcell membrane
45.6%
What does an active cell that has high levels of energy need to have large numbers of?mitochondria
45.6%
In which part of the cell does the first stage of cellular respiration take place?mitochondria
45.6%
Where are most of the ribosomes located?endoplasmic reticulum
45%
Which part of the cell produces ribosomes?nucleolus
41.4%
Category Answer % Correct
Which part of the cell is important to protein synthesis?ribosomes
41.4%
Which part of the cell transports proteins?endoplasmic reticulum
40.2%
Which organelle SYTHESISES proteins, lipids and steroids?endoplasmic reticulum
38.5%
What is the transportation network of the cell and site of chemical reactions?endoplasmic reticulum
33.7%
Which organelle contains strong enzyme to beak down large particles, harmful substances and old cells?lysosomes
33.7%
Which organelle is responsible for PROCESSING and PACKAGING proteins?Golgi body
33.1%
Which part to of the cell produces the organelles responsible for protein synthesis?nucleolus
32.5%
What is the name of the part of the cell that serves as a physical barrier between the nucleus and the cytoplasm?nuclear envelope
29%
What plays a roll in cell division by dividing in 2 and moving to the ends of the cell?centrioles
24.3%
What is one part of the cytoskeleton?microtubules
21.3%
What helps maintain the shape of the cell?microtubules
18.3%
Which part of the cell provides the DNA blueprint for the cell’s functions and processes?chromatin
14.2%
What is the assembly-line for modifying and packaging proteins?Golgi bodies
13%
What is the name of a double layer that controls the entry and exit of materials to the cell?nuclear envelope
13%
What is the part of the cell that separates the interior of the cell from the outside environment?cellular membrane
10.1%

You're not logged in!

Compare scores with friends on all Sporcle quizzes.
OR
Log In

Show Comments

Extras

Created Nov 29, 2010ReportNominate
Tags:Biology Quiz, cell, grade

Top Quizzes Today


Score Distribution

Your Account Isn't Verified!

In order to create a playlist on Sporcle, you need to verify the email address you used during registration. Go to your Sporcle Settings to finish the process.

Report this User

Report this user for behavior that violates our Community Guidelines.

Details: